000 01491cad a22002295a 4500
001 L144388
008 080715s2008 xxk f 000 0 eng d
035 _a(Sirsi) u144388
041 0 _aeng
050 0 4 _a346.410434 $2 18
110 2 _aProperty Litigation Association
_94147
245 0 4 _aThe pre-action protocol for claims for damages in relation to the physical state of commercial property at the termination of a tenancy
_bthe dilapidations protocol
_h[electronic resource]
260 _aLondon
_bPLA
_c2008
505 2 _aOverview of protocol: general aim -- The protocol: the schedule -- The claim -- Landlord's loss -- The response -- Disclosure of documents -- Negotiations -- Alternative dispute resolution -- Stocktake -- Formal diminution valuation and quantification of the claim prior to issue of proceedings -- Court proceedings -- Annex A -- Annex B -- Annex C
520 _aIn conjunction with the RICS review of its Guidance note on Dilapidations (L144096) the PLA has reviewed the protocol and made several changes to terminology, with the express intention of preventing exaggerated claims being made by landlords, so as to allow for sensible negotiations and early settlement of claims.
520 _aSupersedes E135069.
521 _aAdvanced
651 4 _aEngland and Wales
_y1543-
690 _aPROPERTY-LANDLORD AND TENANT-DILAPIDATIONS
856 4 0 _uhttps://www.pla.org.uk/library/protocols
_zView the item free of charge at www.pla.org.uk...
942 _n0
999 _c108489
_d108489